000 00316nam a2200121Ia 4500
008 220204s9999 xx 000 0 und d
082 _a629.113
_bMUD
100 _aMudd, S C
245 0 _aTechnology for motor mechanics. Pt 2 & 3
260 _aLondon
_bEdward Arnold
_c1972
650 _aMotor technology
942 _cBK
999 _c30778
_d30778